| 000 | 02387nam a22003617a 4500 | ||
|---|---|---|---|
| 001 | 102129 | ||
| 003 | KnowledgeUnlatched | ||
| 005 | 20210303105255.0 | ||
| 006 | m o d | ||
| 007 | cr u|||||||||| | ||
| 008 | 210129p20162019ne o u00| u eng d | ||
| 037 | _5BiblioBoard | ||
| 245 | 0 | 0 |
_aCognition, Language and Aging _cHeather Harris Wright. |
| 020 | _a9789027267313 | ||
| 024 | 8 | _a10.1075/z.200 | |
| 029 | 1 | _ahttps://library.biblioboard.com/ext/api/media/1560ab44-26ec-4251-8c40-3d18e8ddff3f/assets/thumbnail.jpg | |
| 040 |
_aScCtBLL _cScCtBLL |
||
| 506 | 0 |
_aAccess copy available to the general public. _fUnrestricted _2star |
|
| 700 | 1 |
_aWright, Heather Harris _eeditor. |
|
| 264 | 1 | _bJohn Benjamins Publishing Company, | |
| 300 | _a1 online resource (259 p.) | ||
| 520 | _aAge-related changes in cognitive and language functions have been extensively researched over the past half-century. The older adult represents a unique population for studying cognition and language because of the many challenges that are presented with investigating this population, including individual differences in education, life experiences, health issues, social identity, as well as gender. The purpose of this book is to provide an advanced text that considers these unique challenges and assembles in one source current information regarding (a) language in the aging population and (b) current theories accounting for age-related changes in language function. A thoughtful and comprehensive review of current research spanning different disciplines that study aging will achieve this purpose. Such disciplines include linguistics, psychology, sociolinguistics, neurosciences, cognitive sciences, and communication sciences. | ||
| 588 | 0 | _aDescription based on print version record. | |
| 590 | _aKU Select 2018: HSS Backlist Books | ||
| 650 | 7 |
_aLanguage Arts & Disciplines / Linguistics _2bisacsh |
|
| 650 | 0 | _aLanguage arts | |
| 655 | 0 | _aElectronic books. | |
| 758 |
_iIs found in: _aKnowledge Unlatched _1https://openresearchlibrary.org/module/2774bc74-146a-484f-a7ba-ab1d6a09bbfb |
||
| 856 | 4 | 0 |
_uhttps://openresearchlibrary.org/content/1560ab44-26ec-4251-8c40-3d18e8ddff3f _zView this content on Open Research Library. _70 |
| 999 |
_c34041 _d34041 |
||